| 000 | 00000nam##2200000za#4500 |
| 001 | 9.615580 |
| 003 | CaOODSP |
| 005 | 20210615101200 |
| 007 | ta |
| 008 | 150406|2000||||xxc||||| f|0| 0 eng|d |
| 020 | |a0-662-30425-X |
| 040 | |aCaOODSP|beng |
| 043 | |an-cn--- |
| 086 | 1 |aNH18-22/99-117E |
| 110 | 2 |aCanada Mortgage and Housing Corporation. |
| 245 | 10|aDrying of walls with ventilated stucco cladding parametric analysis |
| 260 | |aOttawa - Ontario : |bCanada Mortgage and Housing Corporation |c2000. |
| 300 | |a4p. : |bgraph ; |c28 cm. |
| 490 | 1 |aResearch highlight. Technical series |v99-117 |
| 563 | |aPamphlet |
| 590 | |a01-15|b2001-04-12 |
| 690 | 07|aConstruction materials|2gcpds |
| 690 | 07|aWater|2gcpds |
| 776 | 0#|tDrying of walls with ventilated stucco cladding parametric analysis |w(CaOODSP)9.580766 |
| 830 | #0|aResearch highlight. Technical series ;|v99-117|w(CaOODSP)9.514826 |
| 986 | |a60975 |